| 000 | 00375nam a2200145Ia 4500 | ||
|---|---|---|---|
| 008 | 231129s2010||||xx |||||||||||||| ||spa|| | ||
| 020 | _a978-958-45-2986-2 | ||
| 040 | _bspa | ||
| 082 | _aCh863 A527ó | ||
| 100 | _aAmpuero Roberto | ||
| 245 | 0 | _aLa otra mujer | |
| 260 | _c2010 | ||
| 264 | _aBogotá Colombia : Norma | ||
| 942 |
_2ddc _cBKS |
||
| 999 |
_c17844 _d17844 |
||